000 00607nam a2200229Ia 4500
003 OSt
005 20220928111541.0
006 a|||||r|||| 00| 0
007 ta
008 220927b |||||||| |||| 00| 0 eng d
024 _a44276
037 _cTextual
040 _aSDCL
_cSDCL
_beng
041 _2eng
_aeng
082 _aO152,1J32,1J:g, M7
100 _aLaxmi narayan
_9424208
245 0 _aMaansakaar ki ant yatra.
260 _aDelhi
_bChinta Prakashan
_c1987
300 _a86p.
_ccm.
942 _hO152,1J32,1J:g, M7
_cTEXL
_2CC
999 _c740779
_d740779